Mathematical bioeconomics : the optimal management of renewable resources
Saved in:
| Main Author: | |
|---|---|
| Format: | Book |
| Language: | English |
| Published: |
New York :
John Wiley and Sons,
1990
|
| Edition: | 2nd ed. |
| Series: | Pure and applied mathematics (John Wiley & Sons: Unnumbered)
|
| Subjects: | |
| Tags: |
Add Tag
No Tags, Be the first to tag this record!
|
MARC
| LEADER | 00000nam a2200000 i 4500 | ||
|---|---|---|---|
| 001 | 1/64243 | ||
| 008 | 930929s eng d | ||
| 020 | |a 0-471-50883-7 | ||
| 035 | |a ΛΕΣΒΟΣb10001352 |l 10001352 | ||
| 040 | |a GR-MY-UA |b gre |e aacr | ||
| 041 | 0 | |a eng | |
| 082 | 0 | |a 333.9501 | |
| 100 | 1 | |a Clark, Colin Whitcomb |d 1931- | |
| 245 | 1 | 0 | |a Mathematical bioeconomics : |b the optimal management of renewable resources / |c Colin W. Clark |
| 250 | |a 2nd ed. | ||
| 260 | |a New York : |b John Wiley and Sons, |c 1990 | ||
| 300 | |a xiii, 386 σ.; |b εικ.; |c 25 εκ. | ||
| 490 | 1 | |a Pure and applied mathematics (John Wiley & Sons: Unnumbered) | |
| 504 | |a Βιβλιογραφία: σ. 367-379 | ||
| 650 | 0 | 0 | |a Biology, Economic |x Mathematical models. |
| 650 | 0 | 0 | |a Fishery management |x Mathematical models. |
| 650 | 0 | 0 | |a Forest management |x Mathematical models. |
| 650 | 0 | 0 | |a Renewable natural resources |x Mathematical models. |
| 830 | 0 | |a Pure and applied mathematics (John Wiley & Sons: Unnumbered) | |
| 852 | |a INST |b LESVOS |e 19930929 |h 333.9501 CLA |p 005100010029 |q 005100010029 |t BK |y 0 | ||
| 909 | |a Λ |b 027654 | ||